<?xml version="1.0" encoding="UTF-8"?>
<record
    xmlns:xsi="http://www.w3.org/2001/XMLSchema-instance"
    xsi:schemaLocation="http://www.loc.gov/MARC21/slim http://www.loc.gov/standards/marcxml/schema/MARC21slim.xsd"
    xmlns="http://www.loc.gov/MARC21/slim">

  <leader>03829nam a2200481 a 4500</leader>
  <controlfield tag="003">CHAP</controlfield>
  <controlfield tag="005">20241021133058.0</controlfield>
  <controlfield tag="007">cr ||||||a|c|a</controlfield>
  <controlfield tag="008">101217s2010    mx      r     00010 spa d</controlfield>
  <datafield tag="035" ind1=" " ind2=" ">
    <subfield code="a">111836</subfield>
  </datafield>
  <datafield tag="040" ind1=" " ind2=" ">
    <subfield code="c">CHAP</subfield>
  </datafield>
  <datafield tag="090" ind1=" " ind2=" ">
    <subfield code="a">Tesis</subfield>
  </datafield>
  <datafield tag="100" ind1="1" ind2=" ">
    <subfield code="a">Arenas Bonifacio, Omar</subfield>
    <subfield code="9">6951</subfield>
  </datafield>
  <datafield tag="245" ind1="1" ind2="0">
    <subfield code="a">Caracterizaci&#xF3;n fisiogr&#xE1;fica y de la precipitaci&#xF3;n de la Cuenca de los Rios de la Sierra, Tabasco</subfield>
    <subfield code="c">/por Omar Arenas Bonifacio; director Laura Alicia Ib&#xE1;&#xF1;ez Castillo</subfield>
  </datafield>
  <datafield tag="264" ind1=" " ind2="1">
    <subfield code="a">Chapingo, M&#xE9;x. :</subfield>
    <subfield code="b">El autor,</subfield>
    <subfield code="c">2010.</subfield>
  </datafield>
  <datafield tag="300" ind1=" " ind2=" ">
    <subfield code="a">1 recurso en l&#xED;nea (171 p&#xE1;ginas):</subfield>
    <subfield code="b">cuadros, figuras.</subfield>
  </datafield>
  <datafield tag="336" ind1=" " ind2=" ">
    <subfield code="2">rdacontent</subfield>
    <subfield code="a">texto</subfield>
    <subfield code="b">txt</subfield>
  </datafield>
  <datafield tag="337" ind1=" " ind2=" ">
    <subfield code="2">rdamedia</subfield>
    <subfield code="a">computadora</subfield>
    <subfield code="b">c</subfield>
  </datafield>
  <datafield tag="338" ind1=" " ind2=" ">
    <subfield code="2">rdacarrier</subfield>
    <subfield code="a">recursos en l&#xED;nea</subfield>
    <subfield code="b">cr</subfield>
  </datafield>
  <datafield tag="502" ind1=" " ind2=" ">
    <subfield code="b">II</subfield>
    <subfield code="c">Irrigaci&#xF3;n</subfield>
    <subfield code="d">2010</subfield>
    <subfield code="g">LIC</subfield>
  </datafield>
  <datafield tag="520" ind1=" " ind2=" ">
    <subfield code="a">Se analizaron dos posibles razones para las inundaciones del 2007 en Villahermosa, Tabasco: (1) la fisiograf&#xED;a de los r&#xED;os de la Sierra, y, (2) las precipitaciones extremas que se presentaron ese a&#xF1;o. La cuenca de los r&#xED;os de la Sierra, incluyendo el r&#xED;o Pichucalco, cubren una superficie de 5,971 km2 ; en dicha cuenca habitan 430,968 personas. El sistema &#x201C;r&#xED;os de la Sierra&#x201D; incluye a los r&#xED;os Teapa, Amat&#xE1;n, San Pedro, Colorado, Manz&#xE1;nic y Grande. El an&#xE1;lisis de la fisiograf&#xED;a de los r&#xED;os de la Sierra permiti&#xF3; encontrar que la pendiente media de la cuenca es del 29.23 % y la pendiente del cauce principal es del 0.92 %. Se observ&#xF3; que, en general, la cuenca puede dividirse en una parte alta con fisiograf&#xED;a escarpada (pendiente media 40% y pendiente del cauce 6 %), parte media (pendiente media 30% y pendiente del cauce de 0.68 %), y una parte baja muy plana (pendiente media 19% y pendiente del cauce de 0.04 %), lo que origina una corriente que baja a grandes velocidades para venir a estancarse en la parte baja plana donde Villahermosa est&#xE1; ubicada. En lo que respecta al an&#xE1;lisis de la precipitaci&#xF3;n del 2007 ocurrida en la cuenca r&#xED;os de la Sierra, se analizaron tres estaciones pluviom&#xE9;tricas que reportaron datos de lluvia: Teapa, Oxolot&#xE1;n y Larrainzar. En esas estaciones se puede observar que el valor m&#xE1;ximo registrado en 24 horas fue en la estaci&#xF3;n Oxolot&#xE1;n, Tabasco, con un valor de 317 mm y que el periodo de retorno que le corresponde fue de 20 a&#xF1;os. Tambi&#xE9;n se calcularon las precipitaciones m&#xE1;ximas probables en 24 horas (PMP) para las tres estaciones y se encontr&#xF3; que para la estaci&#xF3;n que present&#xF3; la m&#xE1;xima PMP fue en Oxolot&#xE1;n con un valor de 1141 mm el 28 de Octubre. Se encontr&#xF3; que la lluvia total del mes de Octubre del 2007 es el doble de la hist&#xF3;rica. Se concluye que la fisiograf&#xED;a y la precipitaci&#xF3;n total del mes de Octubre, en la cuenca r&#xED;os de la Sierra, se conjuntaron para propiciar las inundaciones en Villahermosa, pero deben analizarse otras razones adicionales.

</subfield>
  </datafield>
  <datafield tag="590" ind1=" " ind2=" ">
    <subfield code="a">ALEPH</subfield>
    <subfield code="b">10</subfield>
    <subfield code="c">20130110</subfield>
  </datafield>
  <datafield tag="590" ind1=" " ind2=" ">
    <subfield code="a">BATCH-UPD</subfield>
    <subfield code="b">10</subfield>
    <subfield code="c">20130110</subfield>
  </datafield>
  <datafield tag="590" ind1=" " ind2=" ">
    <subfield code="a">BATCH-UPD</subfield>
    <subfield code="b">10</subfield>
    <subfield code="c">20130410</subfield>
  </datafield>
  <datafield tag="590" ind1=" " ind2=" ">
    <subfield code="a">BATCH-UPD</subfield>
    <subfield code="b">10</subfield>
    <subfield code="c">20130914</subfield>
  </datafield>
  <datafield tag="590" ind1=" " ind2=" ">
    <subfield code="a">BATCH-UPD</subfield>
    <subfield code="b">10</subfield>
    <subfield code="c">20140324</subfield>
  </datafield>
  <datafield tag="590" ind1=" " ind2=" ">
    <subfield code="a">BATCH-UPD</subfield>
    <subfield code="b">10</subfield>
    <subfield code="c">20141002</subfield>
  </datafield>
  <datafield tag="590" ind1=" " ind2=" ">
    <subfield code="a">BATCH</subfield>
    <subfield code="b">00</subfield>
    <subfield code="c">20181121</subfield>
  </datafield>
  <datafield tag="590" ind1=" " ind2=" ">
    <subfield code="a">CONVERSION</subfield>
    <subfield code="b">10</subfield>
    <subfield code="c">20130109</subfield>
  </datafield>
  <datafield tag="650" ind1="1" ind2="4">
    <subfield code="a">Cuencas hidrol&#xF3;gicas.</subfield>
    <subfield code="9">30092</subfield>
  </datafield>
  <datafield tag="650" ind1="1" ind2="4">
    <subfield code="a">Estaciones meteorol&#xF3;gicas.</subfield>
    <subfield code="9">38196</subfield>
  </datafield>
  <datafield tag="650" ind1="1" ind2="4">
    <subfield code="a">Precipitaci&#xF3;n (Meteorolog&#xED;a)</subfield>
    <subfield code="x">Tabasco.</subfield>
    <subfield code="9">91356</subfield>
  </datafield>
  <datafield tag="650" ind1="1" ind2="4">
    <subfield code="a">R&#xED;os</subfield>
    <subfield code="x">Tabasco.</subfield>
    <subfield code="9">99173</subfield>
  </datafield>
  <datafield tag="650" ind1="1" ind2="4">
    <subfield code="a">Sierras.</subfield>
    <subfield code="9">105875</subfield>
  </datafield>
  <datafield tag="700" ind1="1" ind2=" ">
    <subfield code="a">Ib&#xE1;&#xF1;ez Castillo, Laura Alicia</subfield>
    <subfield code="9">57233</subfield>
    <subfield code="e">Director de tesis.</subfield>
  </datafield>
  <datafield tag="856" ind1=" " ind2=" ">
    <subfield code="u">http://10.13.5.2/tesis/111836.pdf</subfield>
    <subfield code="z">DESCARGAR PDF</subfield>
  </datafield>
  <datafield tag="901" ind1=" " ind2=" ">
    <subfield code="a">BK</subfield>
  </datafield>
  <datafield tag="942" ind1=" " ind2=" ">
    <subfield code="c">TD</subfield>
    <subfield code="2">Clasificaci&#xF3;n Universidad Aut&#xF3;noma Chapingo</subfield>
  </datafield>
  <datafield tag="949" ind1=" " ind2=" ">
    <subfield code="a">Tesis</subfield>
    <subfield code="b">BC</subfield>
    <subfield code="c">TES</subfield>
    <subfield code="d">33724002224462</subfield>
    <subfield code="e">TS2</subfield>
    <subfield code="f">c.2</subfield>
    <subfield code="g">Donaci&#xD8;n</subfield>
    <subfield code="h">51684</subfield>
    <subfield code="i">111836</subfield>
    <subfield code="s">b</subfield>
  </datafield>
  <datafield tag="949" ind1=" " ind2=" ">
    <subfield code="a">Tesis</subfield>
    <subfield code="b">BC</subfield>
    <subfield code="c">TES</subfield>
    <subfield code="d">33724002224504</subfield>
    <subfield code="e">TS1</subfield>
    <subfield code="g">Donaci&#xD8;n</subfield>
    <subfield code="h">51683</subfield>
    <subfield code="i">111836</subfield>
    <subfield code="s">b</subfield>
  </datafield>
  <datafield tag="999" ind1=" " ind2=" ">
    <subfield code="c">100177</subfield>
    <subfield code="d">100177</subfield>
  </datafield>
  <datafield tag="952" ind1=" " ind2=" ">
    <subfield code="0">0</subfield>
    <subfield code="1">0</subfield>
    <subfield code="2">local</subfield>
    <subfield code="4">0</subfield>
    <subfield code="5">1</subfield>
    <subfield code="7">0</subfield>
    <subfield code="8">TesDigL</subfield>
    <subfield code="a">BD</subfield>
    <subfield code="b">BD</subfield>
    <subfield code="c">E_L</subfield>
    <subfield code="d">2019-12-31</subfield>
    <subfield code="e">Donacion</subfield>
    <subfield code="f">TESIS</subfield>
    <subfield code="l">0</subfield>
    <subfield code="o">Tesis digital</subfield>
    <subfield code="r">2019-12-31 00:00:00</subfield>
    <subfield code="w">2024-10-21</subfield>
    <subfield code="y">TD</subfield>
  </datafield>
</record>
